Μελέτη της εκχύλισης και της τοξικότητας επιλεγμένων οργανοφωσφορικών φυτοπροστατευτικών προϊόντων : πτυχιακή εργασία

Αποθηκεύτηκε σε:
Λεπτομέρειες βιβλιογραφικής εγγραφής
Κύριος συγγραφέας: Λαλούση, Μαρία
Συγγραφή απο Οργανισμό/Αρχή: Πανεπιστήμιο Αιγαίου. Σχολή Περιβάλλοντος. Τμήμα Περιβάλλοντος
Άλλοι συγγραφείς: Παρασκευάς, Παναγιώτης (Εισηγητής διατριβής)
Μορφή: Thesis Βιβλίο
Γλώσσα:Greek
Δημοσίευση: Μυτιλήνη : Πανεπιστήμιο Αιγαίου, Τμήμα Περιβάλλοντος, 2004
Θέματα:
Διαθέσιμο Online:http://hdl.handle.net/11610/10354
Ετικέτες: Προσθήκη ετικέτας
Δεν υπάρχουν, Καταχωρήστε ετικέτα πρώτοι!

MARC

LEADER 00000cam a2200000 i 4500
001 1/80426
008 050711s2004 gre d
035 |l 10079021 
040 |a GR-MY-UA  |b gre  |e aacr 
041 0 |a gre 
082 0 |a 543.089  |2 (22) 
100 1 |a Λαλούση, Μαρία. 
245 1 0 |a Μελέτη της εκχύλισης και της τοξικότητας επιλεγμένων οργανοφωσφορικών φυτοπροστατευτικών προϊόντων :  |b πτυχιακή εργασία /  |c Λαλούση Μαρία ; υπεύθυνος καθηγητής Παρασκευάς Παναγιώτης 
260 |a Μυτιλήνη :   |b Πανεπιστήμιο Αιγαίου, Τμήμα Περιβάλλοντος,   |c 2004 
300 |a 149 σ.;  |b σχ., πιν., διαγρ.;  |c 30 εκ. 
502 |a Πτυχιακή εργασία – Πανεπιστήμιο Αιγαίου, Λέσβος, 2004. 
504 |a Βιβλιογραφία: σ.145-148 
650 0 0 |a Pesticides  |x Toxicology. 
650 0 0 |a Agricultural chemicals  |x Toxicology. 
650 0 0 |a Organic water pollutants. 
650 0 0 |a Chromatographic analysis. 
650 0 0 |a Dissertations, Academic  |z Greece. 
700 1 |a Παρασκευάς, Παναγιώτης.  |4 ths 
710 2 |a Πανεπιστήμιο Αιγαίου.   |b Σχολή Περιβάλλοντος.   |b Τμήμα Περιβάλλοντος. 
852 |a INST  |b LESVOS  |c DIATR  |e 20050727  |h 853  |p 005100031605  |q 005100031605  |t DIE  |y 23 
852 |a INST  |b LESVOS  |c DIATR  |e 20050711  |h 854  |p 005100031606  |q 005100031606  |t DIE  |y 23 
856 |u http://hdl.handle.net/11610/10354 
901 |a BIBL1-2005-2 
909 |a Λ  |b 112038 
909 |a Λ  |b 112039 
924 |a ΛΑΛΟΥΣΗ  |b ΜΑΡΙΑ  |y ΛΕΣΒΟΣ  |z 2004-01 
970 |a ΜΑΡΙΝΑΤΟΥ  |b ΜΥΡΣΙΝΗ  |z 2005/07/11